• 首页
  • 本馆介绍
  • 公告通知
  • 最新文献
  • 馆藏检索
  • 电子资源
  • 读者导购
  • 参考咨询
  • 我的图书馆
  • 登录
  • 详细信息显示
  • 放入我的书架
  • 预约/预借图书
  • 作者相关作品
  • 分类相关作品
  • 丛书相关作品
  • 出版社相关作品

书目信息

  • 表格格式
  • 工作单格式
  • 卡片格式
题名:
中国歌谣选
    
 
作者: ;中国社会科学院研究所 , 中国民间文艺研究会 编
分册: 第二集   新中国歌谣
出版信息: 上海   上海文艺出版社  1978.11
页数: 504页
开本: 21cm
丛书名: 中国各民族民间文学丛刊之二
单 册:
中图分类: I276.2
科图分类:
主题词: 民间文学--中国
电子资源:
ISBN:
000 00828nam0 2200241 45
001 0203261305
005 20060803085925.53
010    @dCNY1.50
091    @a10078.3088
100    @a20020326d1978 km y0chiy0120 ea
101    @achi
200 1  @a中国歌谣选@h第二集@i新中国歌谣@AZhong Guo Ge Yao Xuan@f中国社会科学院研究所,中国民间文艺研究会编@FZhong Guo She Hui Ke Xue Yuan Yan Jiu Suo,Zhong Guo Min Jian Wen Yi Yan Jiu Hui Bian@e近代歌谣
210    @a上海@c上海文艺出版社@d1978.11
215    @a504页@d21cm
225    @a中国各民族民间文学丛刊之二
410    @12001 @a中国各民族民间文学丛刊之二
517    @a新中国歌谣@AXin Zhong Guo Ge Yao
606 0  @a民间文学@x中国
690    @aI276.2@v3
711 02 @a中国社会科学院研究所@4编
711 02 @a中国民间文艺研究会@4编
801    @aCN@bTSTC@c20060803
905    @dI276.2@e2:2
    
    中国歌谣选.第二集.新中国歌谣/中国社会科学院研究所,中国民间文艺研究会编:近代歌谣.-上海:上海文艺出版社,1978.11
    504页;21cm.-(中国各民族民间文学丛刊之二)
    
    
    ISBN :CNY1.50
    
●
相关链接 在E读中查询图书 在五车中查询图书 在当当中查询图书 在豆瓣中查询图书


正题名:中国歌谣选     索取号:I276.2/2:2         预约/预借

序号 登录号 条形码 馆藏地/架位号 状态 备注
1 0031473   000036632   第二借阅区/ [索取号:I276.2/2:2] 在馆    
2 0031474   001780433   密集书库/ [索取号:I276.2/2:2] 在馆    
3 0031475   000036641   第一样本阅览室/ [索取号:I276.2/2:2] 在馆    
4 0443699   204436994   密集书库/ [索取号:I276.2/2:2] 在馆    
唐山师范学院图书馆 欢迎您!
大连网信软件有限公司© 版权所有